Financie zbierka príkladov pre nefinančné študijné odbory

Salvato in:
Dettagli Bibliografici
Ente Autore: Vysoká škola ekonomická v Bratislave. Národohospodárska fakulta
Natura: Libro
Lingua:slovacco
Pubblicazione: Bratislava Vysoká škola ekonomická 1987
Edizione:2. vyd.
Tags: Aggiungi Tag
Nessun Tag, puoi essere il primo ad aggiungerne!!

MARC

LEADER 00000nam a2200000 4500
001 c111720
005 20190107130334.9
041 0 |a slo 
044 |a SK 
245 1 0 |a Financie  |b zbierka príkladov pre nefinančné študijné odbory 
250 |a 2. vyd. 
264 1 |a Bratislava  |b Vysoká škola ekonomická  |c 1987 
300 |a 186 s. 
710 2 |a Vysoká škola ekonomická v Bratislave. Národohospodárska fakulta